| 000 | | | 06929cbc2a2200000#x 450 |
| 001 | | | 58f964e7-b02c-4458-a165-854760fa55fa |
| 005 | | | 20180911135002.0 |
| 100 | ## | $a | 20150421l18301830k l0rusy0189 ca |
| 101 | 0# | $a | rus |
| 102 | ## | $a | RU |
| 200 | 1# | $a | Дело о поднесении Николаю I учителем Петербургской гимназии Н. Г. Устряловым, переведенной им на русский язык, книги Маржерета "О состоянии Российской державы в начале 17 века" |
| | $j | 9 октября - 6 декабря 1830 г. |
| 251 | ## | $c | Дело |
| 300 | ## | $a | Рукописный текст. Чернила |
| 300 | ## | $a | Оригинальный заголовок дела: По прошению старшего учителя С. Петербургской гимназии Устрялова о книге, им изданной: О состоянии Российской державы в начале XVII века, соч. Маржерета : начато 10 сентября - кончено 6 декабря 1830 года |
| 801 | #0 | $a | RU |
| | $b | РГИА |
| | $c | 20150421 |
| 801 | #1 | $a | RU |
| | $b | ГлавНИВЦ |
| | $c | 20150421 |
| | $2 | rusmarc |
| 801 | #2 | $a | RU |
| | $b | ПБ им. Б.Н. Ельцина |
| | $c | 20151229 |
| | $g | RCR |
| | $2 | rusmarc |
| 850 | ## | $a | Федеральное казенное учреждение "Российский государственный исторический архив" (РГИА) |
| 852 | ## | $a | РГИА |
| | $j | 317 |
| 937 | ## | $h | РГИА |
| | $d | 11456536 |
| | $a | ASBIBLIO_SCAN |
| 462 | #0 | $1 | 0017ff33d0d-4fb3-4ffd-a38b-3e370d0d7251 |
| | $1 | 2001 |
| | $a | Общие дела 1-го отделения Департамента народного просвещения за 1818-1840 гг. |
| | $v | Д. 317 |
| | $1 | 251 |
| | $c | Опись |
| | $1 | 852 |
| | $j | 87 |
| 461 | #0 | $1 | 001a74412a3-3cc5-4d21-8f0a-dfe2fbd9e72d |
| | $1 | 2001 |
| | $a | Департамент народного просвещения Министерства народного просвещения |
| | $1 | 251 |
| | $c | Фонд |
| | $1 | 852 |
| | $j | 733 |
| 215 | ## | $a | 16 листов |
| | $d | 36,5х26 см |
| 371 | ## | $a | Документ не является опубликованным и широко распространяемым |
| 105 | ## | $a | y### |
| 122 | 2# | $a | d18301009## |
| | $a | d18301206## |
| 035 | ## | $a | 58f964e7-b02c-4458-a165-854760fa55fa |
| 517 | 1# | $a | По прошению старшего учителя С. Петербургской гимназии Устрялова о книге, им изданной: О состоянии Российской державы в начале XVII века, соч. Маржерета |
| | $e | начато 10 сентября - кончено 6 декабря 1830 года |
| 604 | ## | $1 | 50010 |
| | $2 | prlib_sh |
| | $3 | LIBNET\UAF\0000077212 |
| | $a | "Состояние Российской державы и Великого княжества Московского" |
| | $j | Документы и материалы |
| | $1 | 700 1 |
| | $a | Маржерет |
| | $b | Ж. |
| | $f | 1550-е гг.-после 1618 |
| | $g | Жак |
| 605 | ## | $2 | acquisition_Prlib |
| | $3 | LIBNET\UAF\0000077176 |
| | $a | Россика |
| | $l | коллекция |
| 605 | ## | $a | Россия и страны мира |
| | $l | коллекция |
| | $2 | acquisition_Prlib |
| | $3 | DITM\AF\0000004461 |
| 605 | ## | $a | Народ |
| | $l | коллекция |
| | $2 | acquisition_Prlib |
| | $3 | DITM\AF\0000003834 |
| 605 | ## | $a | Власть |
| | $l | коллекция |
| | $2 | acquisition_Prlib |
| | $3 | DITM\AF\0000002775 |
| 607 | ## | $2 | nlr_sh |
| | $3 | RU\NLR\AUTH\661318194 |
| | $a | Россия |
| | $j | Документы и материалы |
| | $x | История |
| | $x | Отзывы иностранцев |
| | $z | 17 в. |
| 686 | ## | $2 | rubbk |
| | $a | 63.3(2)52-7ю1 |
| | $v | LBC/M |
| 600 | #0 | $2 | prlib_sh |
| | $3 | LIBNET\UAF\0000067504 |
| | $a | Николай |
| | $c | император российский |
| | $d | I |
| | $f | 1796-1855 |
| | $j | Документы и материалы |
| | $x | Подарки |
| 600 | #1 | $2 | nlr_sh |
| | $3 | RU\NLR\AUTH\661447085 |
| | $a | Устрялов |
| | $b | Н.Г. |
| | $f | 1805 - 1870 |
| | $g | Николай Герасимович |
| | $j | Документы и материалы |